| 000 | 00372pam a2200157a 44500 | ||
|---|---|---|---|
| 008 | 230515b2014 xxu||||| |||| 00| 0 eng d | ||
| 020 | _aNULL | ||
| 041 | _aENGLISH | ||
| 082 | _a612 | ||
| 100 | _aSIRCAR SABYASACHI | ||
| 245 | _aPRINCIPLES OF MEDICAL PHYSIOLOGY 2ND ED. | ||
| 250 | _a2ND | ||
| 260 |
_aDELHI _bTATA _c2014 |
||
| 300 | _a835 | ||
| 650 | _aPHYSIOLOGY | ||
| 999 |
_c557113 _d557113 |
||